Un soltero difícil : (Record no. 125062)

MARC details
000 -LEADER
campo de control de longitud fija 01046nam a2200253 i 4500
001 - NÚMERO DE CONTROL
campo de control 125062
003 - IDENTIFICADOR DE NÚMERO DE CONTROL
campo de control ES-MaACL
005 - FECHA Y HORA DE LA ÚLTIMA TRANSACCIÓN
campo de control 20230906192538.0
007 - CAMPO FIJO DE DESCRIPCIÓN FÍSICA--INFORMACIÓN GENERAL
campo de control de longitud fija t|
008 - DATOS DE LONGITUD FIJA--INFORMACIÓN GENERAL
campo de control de longitud fija 070427s1932 sp ||||1| spa d
080 ## - NÚMERO DE LA CLASIFICACIÓN DECIMAL UNIVERSAL
Número de la Clasificación Decimal Universal 860-22"19"
100 1# - ENTRADA PRINCIPAL--NOMBRE DE PERSONA
Nombre de persona Aguilar Catena, J.
9 (RLIN) 18716
245 13 - MENCIÓN DEL TÍTULO
Título Un soltero difícil :
Resto del título comedia en tres actos, el último dividido en tres cuadros /
Mención de responsabilidad, etc. Juan Aguilar Catena y Valentín de Pedro ; dibujos de Antonio Merlo.
260 ## - PUBLICACIÓN, DISTRIBUCIÓN, ETC.
Lugar de publicación, distribución, etc. Madrid :
Nombre del editor, distribuidor, etc. Ribadeneyra,
Fecha de publicación, distribución, etc. 1932.
300 ## - DESCRIPCIÓN FÍSICA
Extensión 70 p. :
Otras características físicas il. ;
Dimensiones 17 cm.
490 1# - MENCIÓN DE SERIE
Mención de serie La Farsa ;
Designación de volumen o secuencia 254
594 ## - Nota al título y mención de responsabilidad
Nota al título y mención de responsabilidad Estrenada en el Teatro Poliorama de Barcelona, por la Compañía Soler-Mary-Rodríguez de la Vega; y en el Teatro Pavón, de Madrid, por la Compañía Carmen Sánchez-Fulgencio Nogueras, el día 13 de julio de 1932.
599 ## - NOTA A LAS ILUSTRACIONES
NOTA A LAS ILUSTRACIONES Cub.: Carmen Sánchez, notable y bella primera actriz.
700 1# - ENTRADA AGREGADA--NOMBRE PERSONAL
Nombre de persona Valentín, Pedro de.
9 (RLIN) 112608
700 1# - ENTRADA AGREGADA--NOMBRE PERSONAL
Nombre de persona Merlo, Antonio.
9 (RLIN) 80579
830 0# - PUNTO DE ACCESO ADICIONAL DE SERIE-TÍTULO UNIFORME
Título uniforme La Farsa ;
Designación de volumen o secuencia 254
9 (RLIN) 185863
852 4# - LOCALIZACIÓN
Ubicación ES-MaACL
Número de control de estantería 2217-F-8
Holdings
Estatus retirado Estado de pérdida Estado de daño No para préstamo Colección Biblioteca de origen Biblioteca actual Ubicación en estantería Fecha de adquisición Fuente de adquisición Total de préstamos Signatura topográfica completa Código de barras Visto por última vez Precio de reemplazo Tipo de ítem Koha
        Colección de folletos Biblioteca del Ateneo de Madrid Biblioteca del Ateneo de Madrid Depósito folletos 17/01/2008     2217-F-8 1130296 23/02/2023 23/02/2023 Folleto